All Countries in ALU (Asphalt 9) - Statistics

General Stats
  • This quiz has been taken 29 times
  • The average score is 11 of 14
Answers on the Map
Answers color-coded by a green-red scale on the quiz's map according to % correct below.
 
Answer Stats
Answer % Correct
China
100%
Japan
100%
United Kingdom
100%
United States
100%
France
90%
Italy
80%
Norway
75%
Egypt
70%
New Zealand
70%
Argentina
65%
Cuba/Haiti/DR/Jamaica
65%
Singapore
65%
Iceland
60%
Nepal
60%
No matching quizzes found
Score Distribution
Percent of People with Each Score
Percentile by Number Answered
Your Score History
You have not taken this quiz